000 00558nam a22001697a 4500
003 OSt
005 20260202155050.0
008 250703b |||||||| |||| 00| 0 eng d
040 _cThe Outspan Global University
050 _aRM301.25
_b.L44 2003
100 _aLee Chi Jen ,
_e Author
245 _aDevelopment and Evaluation of Drugs
_bFrom Laboratory through Licensure to Market
_cChi-jen Lee, Lucia H. Lee, Cheng-Hsiung Lu.
250 _a2nd ed.
260 _bCRC Press
_cc2003
700 _a Lu Cheng-Hsiung , Lee Lucia H.
_eAuthor
942 _2lcc
_cBK
_n0
999 _c2592
_d2592